Biggest World Cities by Ending Letter - Statistics

General Stats
  • This quiz has been taken 442 times
  • The average score is 18 of 26
Answers on the Map
Answers color-coded by a green-red scale on the quiz's map according to % correct below.
 
Answer Stats
_ City % Correct
N London
97%
W Moscow
96%
K New York
96%
O Tokyo
96%
Y Mexico City
95%
L Seoul
95%
S Los Angeles
94%
A Jakarta
93%
G Beijing
91%
V Kiev
90%
H Riyadh
90%
I Shanghai
90%
M Khartoum
86%
R Kuala Lumpur
85%
Z La Paz
85%
X Phoenix
85%
U Guangzhou
79%
E Bangalore
59%
D Hyderabad
57%
F Dusseldorf
50%
T Surat
33%
P Gaziantep
25%
J Karaj
8%
C Ecatepec
6%
B Abu Ghraib
2%
Q Chirchiq
2%
No matching quizzes found
Score Distribution
Percent of People with Each Score
Percentile by Number Answered
Your Score History
You have not taken this quiz